000 00276nam a2200121Ia 4500
008 190216s9999||||xx |||||||||||||| ||und||
100 _aTandom B N
245 0 _aEconomic Planning
260 _bS Chand & Co
_c1986
300 _a542p
650 _aEconomic Planning
942 _cBK
999 _c9330
_d9330